Don Peter felicitation volume (Record no. 654)
[ view plain ]
| 000 -LEADER | |
|---|---|
| fixed length control field | 00868nam a2200169Ia 4500 |
| 005 - DATE AND TIME OF LATEST TRANSACTION | |
| control field | 20240628065811.0 |
| 008 - FIXED-LENGTH DATA ELEMENTS--GENERAL INFORMATION | |
| fixed length control field | 240331s9999 xx 000 0 und d |
| 082 ## - DDC Classification | |
| Class No. | 082 |
| Item Number - Author Mark | PET |
| 245 #0 - TITLE STATEMENT | |
| Title | Don Peter felicitation volume |
| 260 ## - PUBLICATION, DISTRIBUTION, ETC. | |
| Place of publication, distribution, etc. | Colombo |
| Name of publisher, distributor, etc. | Don Peter Felicitation Committee |
| Date of publication, distribution, etc. | 1983 |
| 300 ## - PHYSICAL DESCRIPTION | |
| Extent (e.g. Volumes, Pages etc.) | xxxi,245 p., |
| 500 ## - GENERAL NOTE | |
| General note | This volume of Learned papers by distinguished scholars in Sri Lanka and abroad is offered to the Rt. Revd Monsignor Dr.W.L.A Don Peter by his pupils of the various institutions where he has served as teacher and rector, by his many friends, by fellow scholars of his acquaintance and by members of the public in appreciation of his services as an educator and educationist, as a scholar and author, as a historian and missiologist. |
| 650 ## - SUBJECT ADDED ENTRY--TOPICAL TERM | |
| Topical term or geographic name entry element | Education |
| 700 ## - ADDED ENTRY--PERSONAL NAME | |
| Personal name | Candappa,E.C.T |
| Relator term (Role) | Editor |
| 700 ## - ADDED ENTRY--PERSONAL NAME | |
| Personal name | Fernandopulle,M.S.S |
| Relator term (Role) | Editor |
| 942 ## - Koha item type (Biblio) | |
| Koha item type | Books in Stacks (Lending) |
| Lost status | Damaged status | Collection code | Home library | Current library | Shelving location | Date acquired | Full call number | Accession Number | Item type |
|---|---|---|---|---|---|---|---|---|---|
| Lending | WERC Library | WERC Library | Social Science Cupboard | 03/31/2024 | 082 PET | 616 | Books in Stacks (Lending) |
